000 01045nam0a22002651 4500
001 rc\2804827
005 20250806210424.0
035 _a(NLR Aleph) 006930788
090 _a13109
_c13109
100 _a20110915d1944 u y0rusy50 ca
101 0 _arus
102 _aRU
105 _aa z |||||
200 1 _aАнатомия театральной куклы
_fА. Федотов
_gРазработ. музеем Гос. центр. театра кукол под худож. руководством заслуж. артиста РСФСР С В. Образцова
210 _aМосква
_aЛенинград
_cИскусство
_d1944
_eМосква
215 _a52 с., 6 л. ил.
_cил., черт.
700 1 _aФедотов
_bА.Я.
_gАндрей Яковлевич
702 1 _aОбразцов
_bС.В.
_4570
801 0 _aRU
_bNLR
_gpsbo
801 1 _aRU
_bELAR
_2rusmarc
852 _aNLR
_jИс70 Г-6/6
942 _cBOOK
945 _aРоссийская национальная библиотека
980 _aNB
980 _aBV